Top 25 Trading Partners - South Korea - Statistics

General Stats
  • This quiz has been taken 70 times
  • The average score is 44 of 50
Answer Stats
Hint Answer % Correct
15th Place: 6,358 United Kingdom
98%
17th Place: 6,806 United Kingdom
98%
1st Place: 162,124 China
97%
1st Place: 106,487 China
97%
2nd Place: 73,043 United States of America
97%
2nd Place: 59,080 United States of America
97%
17th Place: 5,743 Canada
95%
21st Place: 5,750 Canada
95%
4th Place: 30,527 Japan
95%
3rd Place: 54,603 Japan
95%
24th Place: 3,635 France
94%
20th Place: 5,882 France
94%
5th Place: 15,606 India
92%
19th Place: 5,884 India
92%
21st Place: 4,493 Italy
92%
18th Place: 6,302 Italy
92%
8th Place: 11,458 Mexico
92%
23rd Place: 5,089 Mexico
92%
3rd Place: 48,622 Vietnam
92%
7th Place; 19,643 Vietnam
92%
14th Place: 7,320 Russia
90%
8th Place: 17,503 Russia
90%
13th Place: 8,475 Thailand
90%
22nd Place: 5,582 Thailand
90%
10th Place: 9,371 Germany
89%
5th Place: 20,853 Germany
89%
9th Place: 9,610 Australia
87%
6th Place: 20,717 Australia
87%
18th Place: 4,883 Brazil
87%
12th Place: 8,833 Indonesia
87%
11th Place: 11,161 Indonesia
87%
6th Place: 12,037 Philippines
87%
11th Place: 8,993 Malaysia
85%
12th Place: 10,205 Malaysia
85%
7th Place: 11,782 Singapore
85%
15th Place: 7,974 Singapore
85%
23rd Place: 3,951 Saudi Arabia
84%
4th Place: 26,335 Saudi Arabia
84%
20th Place: 4,588 United Arab Emirates
84%
14th Place: 9,287 United Arab Emirates
84%
19th Place: 4,774 Netherlands
82%
16th Place: 6,896 Netherlands
82%
16th Place: 5,980 Turkey
79%
25th Place: 3,246 Belgium
77%
25th Place: 4,090 Iran
76%
24th Place: 4,474 Chile
74%
9th Place: 16,293 Qatar
71%
13th Place: 9,569 Iraq
69%
10th Place: 12,794 Kuwait
69%
22nd Place: 4,333 Poland
69%
No matching quizzes found
Score Distribution
Percent of People with Each Score
Percentile by Number Answered
Your Score History
You have not taken this quiz